Statistics for Most popular names for baby girls in Spain

Click here to take the quiz!

General Stats

  • This quiz has been taken 4,823 times
  • The average score is 9 of 29

Answer Stats

Answer% Correct
Maria
94%
Ana
78%
Sofia
56%
Sara
54%
Laura
49%
Lucia
46%
Paula
46%
Julia
44%
Elena
42%
Cristina
41%
Carmen
38%
Carla
37%
Marta
36%
Daniela
28%
Andrea
26%
Natalia
26%
Claudia
21%
Marina
21%
Martina
20%
Alba
19%
Irene
18%
Valeria
16%
Adriana
15%
Nuria
13%
Rocio
12%
Nerea
9%
Aiñoa
8%
Noa
8%
Aitana
6%

Score Distribution

Percentile by Number Answered

Percent of People with Each Score

Your Score History

You have not taken this quiz